Testing the effectiveness of some macroeconomic variables in stimulating foreign trade in the Czech republic, Hungary, Poland and Slovakia

Intenzita vzájomnej exogenity medzi premennými modelu zahraničného obchodu Vyšehradskej štvorky. Grangerova kauzalita, Akaikeho a Schwarzove kritérium. Testovanie exogenity na základe výsledkov modelov VEC a VAR. Ukazovatele zahraničného obchodu: export, import, hrubý domáci produkt, objem priamych...

Descrizione completa

Salvato in:
Dettagli Bibliografici
Autore principale: Salamaga, Marcin
Natura: Capitolo di libro
Lingua:inglese
Soggetti:
Tags: Aggiungi Tag
Nessun Tag, puoi essere il primo ad aggiungerne!!

MARC

LEADER 00000naa a2200000 4500
001 0200780
005 20220729111946.6
041 0 |a eng 
044 |a CZ 
245 1 0 |a Testing the effectiveness of some macroeconomic variables in stimulating foreign trade in the Czech republic, Hungary, Poland and Slovakia  |c Marcin Salamaga 
520 |a Intenzita vzájomnej exogenity medzi premennými modelu zahraničného obchodu Vyšehradskej štvorky. Grangerova kauzalita, Akaikeho a Schwarzove kritérium. Testovanie exogenity na základe výsledkov modelov VEC a VAR. Ukazovatele zahraničného obchodu: export, import, hrubý domáci produkt, objem priamych zahraničných investícií, a výmenný kurz. 
610 2 0 |a obchod zahraničný 
610 2 0 |a Vyšehradská štvorka 
610 2 0 |a testovanie hypotéz 
610 2 0 |a modely obchodu zahraničného 
100 1 |a Salamaga, Marcin